000 00617nam a2200193Ia 4500
008 240729s9999 xx 000 0 und d
022 _a2383-1618
245 0 _aIranian Journal of Hydrogen and Fuel Cell
260 _aIran, Islamic Republic of
260 _bIranian Research Organization for Science and Technology (IROST)
650 _a Chemical technology
650 _a Chemical technology
650 _a Gas industry
650 _a Industrial electrochemistry | Technology
650 _aTechnology
856 _uhttps://doaj.org/toc/f95d96e6d476406284e60947603872f3
942 _2ddc
942 _cDOAJEJ
999 _c67207
_d67207
945 _a1
_bMadushi Gamage
_c1
_dMadushi Gamage